Η παθολογία της παρασίτωσης σαλαχιών από θαλάσσιες βδέλλες : πτυχιακή εργασία
Αποθηκεύτηκε σε:
| Κύριος συγγραφέας: | |
|---|---|
| Συγγραφή απο Οργανισμό/Αρχή: | |
| Άλλοι συγγραφείς: | |
| Μορφή: | Thesis Βιβλίο |
| Γλώσσα: | Greek |
| Δημοσίευση: |
2012
|
| Θέματα: | |
| Διαθέσιμο Online: | http://hdl.handle.net/11610/7191 |
| Ετικέτες: |
Προσθήκη ετικέτας
Δεν υπάρχουν, Καταχωρήστε ετικέτα πρώτοι!
|
MARC
| LEADER | 00000cam a2200000 i 4500 | ||
|---|---|---|---|
| 001 | 1/34135 | ||
| 008 | 130807s2012 gre d | ||
| 035 | |l 10115218 | ||
| 040 | |a GR-MY-UA |b gre |e aacr | ||
| 041 | 0 | |a gre | |
| 082 | 0 | |a 597 |2 (22) | |
| 100 | 1 | |a Ξυδιά, Βασιλική-Χρύσα. | |
| 245 | 1 | 2 | |a Η παθολογία της παρασίτωσης σαλαχιών από θαλάσσιες βδέλλες : |b πτυχιακή εργασία / |c Ξυδιά Βασιλική-Χρύσα ; επιβλέπων καθηγητής: Μπακόπουλος Βασίλης |
| 260 | |c 2012 | ||
| 300 | |a 40 σ.; |b εικ.; |c 30 εκ. | ||
| 502 | |a Πτυχιακή εργασία – Πανεπιστήμιο Αιγαίου, Λέσβος, 2012. | ||
| 504 | |a Βιβλιογραφία: σ. 35-36 | ||
| 650 | 0 | 0 | |a Fishes |x Diseases. |
| 650 | 0 | 0 | |a Fishes |x Parasites. |
| 650 | 0 | 0 | |a Fishes |x Physiology. |
| 650 | 0 | 0 | |a Dissertations, Academic |z Greece. |
| 700 | 1 | |4 ths |a Μπακόπουλος, Βασίλης. | |
| 710 | 2 | |a Πανεπιστήμιο Αιγαίου |b Σχολή Περιβάλλοντος |b Τμήμα Επιστημών της Θάλασσας. | |
| 852 | |a INST |b LESVOS |c DIATR |e 20130807 |h 693 |p 005100053266 |q 005100053266 |t DIE |y 23 | ||
| 852 | |a INST |b LESVOS |c DIATR |e 20130807 |h 694 |p 005100053265 |q 005100053265 |t DIE |y 23 | ||
| 856 | |u http://hdl.handle.net/11610/7191 | ||
| 901 | |a BIBL1-2013-2 | ||
| 909 | |a Λ |b 181833 | ||
| 909 | |a Λ |b 181834 | ||
| 924 | |a ΞΥΔΙΑ |b ΒΑΣΙΛΙΚΗ-ΧΡΥΣΑ |y ΛΕΣΒΟΣ |z 2013-03 | ||
| 970 | |a ΤΖΑΦΕΡΗ |b ΕΥΑΓΓΕΛΙΑ |z 2013/08/08 | ||